Normal view
MARC view
- FPDSavills Research
Entry Corporate Name
001 - CONTROL NUMBER
- control field: 4524
003 - CONTROL NUMBER IDENTIFIER
- control field: OSt
005 - DATE AND TIME OF LATEST TRANSACTION
- control field: 20190806150234.0
008 - FIXED-LENGTH DATA ELEMENTS
- fixed length control field: 030922 a
040 ## - CATALOGING SOURCE
- Original cataloging agency: OSt
- Transcribing agency: OSt
110 ## - HEADING--CORPORATE NAME
- Corporate name or jurisdiction name as entry element: FPDSavills Research
410 ## - SEE FROM TRACING--CORPORATE NAME
- Corporate name or jurisdiction name as entry element: FPD Savills Research